| 000 | 00349nam a2200133Ia 4500 | ||
|---|---|---|---|
| 005 | 20251222152553.0 | ||
| 008 | 251222s9999||||xx |||||||||||||| ||spa|| | ||
| 082 | _a985.001.3/M26 | ||
| 100 | _aMariategui, José Carlos | ||
| 245 | 0 | _a7 Ensayos de Interpretación de la Realidad Peruana | |
| 250 | _a13°.ed. | ||
| 264 | _bAmauta S.A. | ||
| 942 | _cLIB | ||
| 999 |
_c26322 _d26322 |
||